1832 1911 1315 1305 1358 1746 1301 1808 1112 1812 1034 1878 1715 1964 1301 1659 1987 1479 1891 1689 1088 1379 1827 1395 1672 1123 1335 1579 1579 1964 1233 1012 1191 1521 1275 1329 1644 1753 1895 1410 1355 1273 1535 1741 1394 1994 1325 1847 1498 1598 1577 1136 1635 1691 1037 1095 1634 1083 1220 1282 1527 1241 1282 1369 1456 1553 1894 1253 1579 1056 1043 1008 1521 1845 1917 1355 1402 1296 1685 1464 1632 1174 1706 1053 1370 1901 1262 1090 1001 1523 1062 1361 1474 1148 1323 1301 1629 1480 1902 BCNSPRNW ULIB Ver.6.0+V

เปลี่ยนเป็นภาษาไทย

Change to English
 แสดงรายละเอียดบรรณานุกรม
  กลับหน้าหลัก

Brief Record : Get Marc (ISO 2709) : E-mail record : QR code < ปิดหน้าต่าง
LEADER : 00000nam 2200000uu 4500
001    13399120416
003     ULIB
008    120920s2553||||th 000 0 tha d
020    ^a9786167375014
060 04 ^aWB115^bป649 2553
245 00 ^a35 ปี อายุรศาสตร์ มอ. =^b35th anniversary internalmedicine, PSU /^cบรรณาธิการ อานุภาพ เลขะกุล
246 31 ^a35th anniversary internal medicine, PSU
260    ^aสงขลา :^bภาควิชาอายุรศาสตร์ คณะแพทยศาสตร์มหาวิทยาลัยสงขลานครินทร์,^c2553
300    ^a158 หน้า :^bภาพประกอบ ;^c29 ซม.
650  7 ^aอายุรศาสตร์
700 0  ^aอานุภาพ เลขะกุล,^eบรรณาธิการ
710 2  ^aมหาวิทยาลัยสงขลานครินทร์. ^bคณะแพทยศาสตร์.^bภาควิชาอายุรศาสตร์
945    ^p0^l0^i16838
945    ^p0^l0^i16839
995    ^aกัณชพร
999 ^a ใช้งานได้ทุกระบบ
รายการนี้ยังไม่มีแท็ก
คุณยังไม่ได้ล็อกอิน คุณสามารถมีกิจกรรมร่วมกับเว็บไซต์ได้ แต่ต้องล็อกอินก่อน ::
  ล็อกอิน

รายการสื่อสารสนเทศ

ลำดับที่ ประเภท เลขเรียก/บาร์โค้ด สถานที่ สถานะ
1. วิทยาศาสตร์การแพทย์ และสุขภาพ
วิทยาศาสตร์การแพทย์ และสุขภาพ
WB115 ป649 2553  
  Barcode: 16838
ห้องสมุดวิทยาเขตนครสวรรค์
►ส่วนจัดเก็บหนังสือเก่า นว.
บนชั้น
  ขอยืม
2. วิทยาศาสตร์การแพทย์ และสุขภาพ
วิทยาศาสตร์การแพทย์ และสุขภาพ
WB115 ป649 2553 ฉ.2 
  Barcode: 16839
ห้องสมุดวิทยาเขตนครสวรรค์
►ส่วนจัดเก็บหนังสือเก่า นว.
บนชั้น
  ขอยืม

รายการใกล้เคียง
    หัวเรื่อง [อายุรศาสตร์]

BibComment


ยังไม่เคยถูกคอมเมนท์

คอมเมนท์ทรัพยากรรายการนี้
  คอมเมนท์: 35 ปี อายุรศาสตร..


 Copyright 2026. Bcnsprnw @Library